00861cpmaa2200253 4500001001300000003000400013005001700017008004100034010001700075040002400092072001200116100003500128245004400163300001300207506002200220545003300242546003600275520007800311545003600389580005700425600005300482651005500535999001700590mm 79000478 DLC20260227111631.0790403|||||||||||| eng  amm 79000478  aDLCcDLCedacsdDLC 7aC2lcmd1 aChauncey, Charles,d1777-1849.00aCharles Chauncey correspondence,f1801. a1fitem.0 aOpen to research.0 aLawyer, of Philadelphia, Pa. aCollection material in English.8 aLetter from Chauncey to William Smith Shaw relating to national politics. aCollection material in English. aForms part of: Miscellaneous Manuscripts collection.10aShaw, William Smith,d1778-1826vCorrespondence. 0aUnited StatesxPolitics and governmenty1801-1809. c40419d40419